Švajčiarska konfederácia História a súčasnosť švajčiarskej meny

Atlas peňazí sveta. Charakteristika Švajčiarskej konfederácie: štátne zriadenie, prírodné podmienky, hospodárstvo, menové informácie, história štátu, história meny, motívy švajčiarskych bankoviek, nová emisia bankoviek, prekluzívne bankovky.

Enregistré dans:
Détails bibliographiques
Auteur principal: Schlosser, Gabriel
Format: Chapitre de livre
Langue:slovaque
Sujets:
Tags: Ajouter un tag
Pas de tags, Soyez le premier à ajouter un tag!

MARC

LEADER 00000naa a2200000 4500
001 r021082
005 20221205114718.8
041 0 |a slo 
044 |a SK 
245 1 0 |a Švajčiarska konfederácia  |b História a súčasnosť švajčiarskej meny  |c Gabriel Schlosser 
520 |a Atlas peňazí sveta. Charakteristika Švajčiarskej konfederácie: štátne zriadenie, prírodné podmienky, hospodárstvo, menové informácie, história štátu, história meny, motívy švajčiarskych bankoviek, nová emisia bankoviek, prekluzívne bankovky. 
610 2 0 |a Švajčiarsko 
610 2 0 |a mena 
610 2 0 |a história 
610 2 0 |a štát 
610 2 0 |a podmienky prírodné 
610 2 0 |a hospodárstvo národné 
610 2 0 |a mince 
610 2 0 |a bankovky 
610 2 0 |a peniaze 
610 2 0 |a frank 
100 1 |a Schlosser, Gabriel